[Event "CYCC U14 w"]
[Site "Windsor CAN"]
[Date "2016.07.07"]
[Round "5.46"]
[White "Mah, Sydney"]
[Black "Tao, Ellen"]
[Result "0-1"]
[WhiteElo "1419"]
[BlackElo "1454"]
[PlyCount "80"]
[EventDate "2016.07.05"]
[EventType "swiss"]
[EventRounds "7"]
[EventCountry "CAN"]

1. e4 c5 2. Nf3 Nc6 3. c3 e6 4. d4 cxd4 5. cxd4 Nf6 6. Bd3 Qb6 7. Bc2 Bb4+ 8.
Nc3 h6 9. O-O O-O 10. e5 Bxc3 11. exf6 Bxd4 12. Qd3 g6 13. Bxh6 Bxf6 14. Bxf8
Kxf8 15. Qa3+ Kg8 16. Rab1 Qc7 17. Qe3 Kg7 18. Rfc1 Qa5 19. Bb3 b6 20. Nd2 Bg5
21. f4 Be7 22. Kh1 Bc5 23. Qc3+ Qxc3 24. Rxc3 Bb4 25. Rd3 d5 26. a3 Ba6 27. Rg3
Bxd2 28. Rd1 Bxf4 29. Rc3 Na5 30. g3 Be5 31. Re3 Bxb2 32. Rb1 Bd4 33. Ree1 Nxb3
34. Rxb3 Rc8 35. Kg2 Bc5 36. Rc1 d4 37. a4 d3 38. Rbc3 Rd8 39. a5 d2 40. Rd1
Be2 0-1

[Event "CYCC U14 w"]
[Site "Windsor CAN"]
[Date "2016.07.07"]
[Round "5.47"]
[White "Cui, Cynthia"]
[Black "Schwartz, Leah"]
[Result "1-0"]
[WhiteElo "1714"]
[BlackElo "1224"]
[PlyCount "141"]
[EventDate "2016.07.05"]
[EventType "swiss"]
[EventRounds "7"]
[EventCountry "CAN"]

1. c4 c5 2. g3 d6 3. Bg2 Nf6 4. Nc3 g6 5. Nf3 Bg7 6. O-O O-O 7. d3 Nc6 8. b3
Bg4 9. Bb2 Qd7 10. a3 Rab8 11. e3 a6 12. Qc2 b5 13. Ne2 Rb6 14. Rfd1 bxc4 15.
bxc4 Rfb8 16. Bc3 Qb7 17. d4 cxd4 18. Nfxd4 Bd7 19. a4 Qc7 20. Nxc6 Bxc6 21.
Ba5 Bxg2 22. Bxb6 Rxb6 23. Kxg2 Rc6 24. Rac1 Ng4 25. Nd4 Rc5 26. Qe4 Ne5 27.
Qa8+ Qc8 28. Qa7 Nxc4 29. Qxe7 Be5 30. Kg1 Rc7 31. Qh4 Nb2 32. Rxc7 Qxc7 33.
Ra1 Qd7 34. Ra2 Nxa4 35. Nf3 Nc5 36. Nxe5 dxe5 37. Qc4 Qd6 38. Ra5 Qd1+ 39. Kg2
Nd3 40. Rxa6 Ne1+ 41. Kh3 Qh5+ 42. Qh4 Qxh4+ 43. Kxh4 Nf3+ 44. Kh3 Ng5+ 45. Kg2
Kg7 46. h4 Ne6 47. Rxe6 fxe6 48. Kf3 Kf6 49. Ke4 h5 50. f3 Kf7 51. Kxe5 Ke7 52.
g4 Kf7 53. g5 Ke7 54. e4 Kd7 55. Kf6 Kd6 56. Kxg6 Ke5 57. Kxh5 Kf4 58. g6 Kxf3
59. g7 Kxe4 60. g8=Q e5 61. Qg1 Kf4 62. Qe1 e4 63. Kg6 e3 64. h5 Kf3 65. h6 e2
66. h7 Kg2 67. h8=Q Kf3 68. Qe5 Kg2 69. Q5xe2+ Kh3 70. Qh1+ Kg3 71. Qhh2# 1-0

[Event "CYCC U14 w"]
[Site "Windsor CAN"]
[Date "2016.07.07"]
[Round "5.48"]
[White "Gu, Stephanie"]
[Black "John, Namitha"]
[Result "1/2-1/2"]
[WhiteElo "792"]
[BlackElo "1016"]
[PlyCount "50"]
[EventDate "2016.07.05"]
[EventType "swiss"]
[EventRounds "7"]
[EventCountry "CAN"]

1. e4 e5 2. Nf3 Nc6 3. Bc4 Bc5 4. c3 Nf6 5. d3 O-O 6. Nbd2 d6 7. Nf1 Be6 8.
Bxe6 fxe6 9. Ng3 d5 10. O-O d4 11. Bd2 Qe8 12. Qe2 Nh5 13. Nxh5 Qxh5 14. Rfe1
Qg6 15. Nh4 Qf6 16. Nf3 h6 17. c4 Rf7 18. Rf1 Raf8 19. h3 Be7 20. Nh2 Qg6 21.
Qg4 Rf6 22. Qxg6 Rxg6 23. Ng4 h5 24. Nh2 Nb4 25. Bxb4 Bxb4 1/2-1/2

[Event "CYCC U14 w"]
[Site "Windsor CAN"]
[Date "2016.07.08"]
[Round "6.43"]
[White "Kaneshalingam, Mathanhe"]
[Black "Demchenko, Svitlana"]
[Result "1/2-1/2"]
[WhiteElo "1739"]
[BlackElo "2044"]
[PlyCount "55"]
[EventDate "2016.07.05"]
[EventType "swiss"]
[EventRounds "7"]
[EventCountry "CAN"]

1. e4 c5 2. Nc3 e6 3. f4 Nc6 4. Nf3 d5 5. Bb5 Nf6 6. e5 Nd7 7. Bxc6 bxc6 8. d3
Be7 9. O-O Ba6 10. Re1 c4 11. dxc4 Bxc4 12. Nd4 Bc5 13. Na4 Bxd4+ 14. Qxd4 Qa5
15. Nc3 c5 16. Qf2 O-O 17. Bd2 Qc7 18. a3 a5 19. b3 Ba6 20. Qg3 f5 21. Rab1
Rab8 22. Qf3 c4 23. Nxd5 exd5 24. Qxd5+ Kh8 25. Qxa5 Qxa5 26. Bxa5 Rfe8 27. b4
Bb5 28. Rbd1 1/2-1/2

[Event "CYCC U14 w"]
[Site "Windsor CAN"]
[Date "2016.07.08"]
[Round "6.44"]
[White "Ouellet, Maili-Jade"]
[Black "Tao, Ellen"]
[Result "1-0"]
[WhiteElo "2068"]
[BlackElo "1454"]
[PlyCount "103"]
[EventDate "2016.07.05"]
[EventType "swiss"]
[EventRounds "7"]
[EventCountry "CAN"]

1. d4 Nf6 2. c4 e6 3. Nc3 Bb4 4. Qc2 O-O 5. Nf3 d6 6. e3 c5 7. dxc5 dxc5 8. Bd3
Bxc3+ 9. Qxc3 Nc6 10. a3 b6 11. O-O Bb7 12. Rd1 Qc7 13. b4 cxb4 14. axb4 Ne7
15. Bb2 Ng6 16. Rd2 Rfd8 17. Rad1 Rac8 18. Qc2 Ng4 19. Bxg6 hxg6 20. Qc3 Nf6
21. Ne5 Rxd2 22. Qxd2 Qe7 23. f3 Ne8 24. b5 Kh7 25. Qc3 Qf6 26. Rd4 Kg8 27. Rf4
Qd8 28. Rxf7 Rc7 29. Rf4 Nf6 30. Rd4 Qe8 31. Qd3 Rc8 32. Nxg6 Kf7 33. Ne5+ Kg8
34. Qa3 Qf8 35. Qxa7 Qb4 36. Nd3 Qd2 37. Qxb7 Qxe3+ 38. Kh1 Rf8 39. h3 Nh5 40.
Rg4 Rf7 41. Qa8+ Rf8 42. Qe4 Qxe4 43. fxe4 Rf1+ 44. Kh2 Rd1 45. Nf4 Nxf4 46.
Rxf4 Rd2 47. Ba3 Rd4 48. c5 bxc5 49. Bxc5 Rc4 50. Rf8+ Kh7 51. Rc8 Rxe4 52. b6
1-0

[Event "CYCC U14 w"]
[Site "Windsor CAN"]
[Date "2016.07.08"]
[Round "6.45"]
[White "Kathirkamar, Janani"]
[Black "Zhou, Lily"]
[Result "0-1"]
[WhiteElo "1414"]
[BlackElo "1740"]
[PlyCount "102"]
[EventDate "2016.07.05"]
[EventType "swiss"]
[EventRounds "7"]
[EventCountry "CAN"]

1. d4 d5 2. Bf4 Nf6 3. e3 e6 4. Nf3 Be7 5. Bd3 O-O 6. c3 b6 7. Nbd2 Bb7 8. Ne5
Nbd7 9. Ndf3 c5 10. Rc1 c4 11. Bb1 b5 12. Qc2 Ne4 13. Nxd7 Qxd7 14. Ne5 Qd8 15.
f3 Nf6 16. Ng4 g6 17. Ne5 Nd7 18. Bh6 Re8 19. Ng4 f5 20. Ne5 Nxe5 21. dxe5 Qc7
22. Bf4 b4 23. O-O bxc3 24. Qxc3 Qb6 25. Kh1 Rab8 26. Rf2 Bb4 27. Qc2 Bc5 28.
Qc3 Ba6 29. a3 d4 30. Qc2 dxe3 31. Re2 c3 32. Qxc3 Bxe2 33. Qxc5 Qxc5 34. Rxc5
Rxb2 35. Bc2 Ra2 36. Bxe3 Rxa3 37. Bf2 Ra1+ 38. Bg1 Bd1 39. Bd3 a5 40. h3 a4
41. Ra5 Bb3 42. Kh2 Rd8 43. Bb5 f4 44. Be2 Rc1 45. Bb6 Rb8 46. Bd3 Rxb6 47. h4
Rb7 48. Be4 Rbc7 49. Ra6 Ra1 50. Kh3 h5 51. Bxg6 Rh1# 0-1

[Event "CYCC U14 w"]
[Site "Windsor CAN"]
[Date "2016.07.08"]
[Round "6.46"]
[White "Cui, Cynthia"]
[Black "Gu, Stephanie"]
[Result "1-0"]
[WhiteElo "1714"]
[BlackElo "792"]
[PlyCount "73"]
[EventDate "2016.07.05"]
[EventType "swiss"]
[EventRounds "7"]
[EventCountry "CAN"]

1. c4 Nf6 2. g3 g6 3. Bg2 Bg7 4. Nc3 d6 5. Nf3 O-O 6. O-O Nbd7 7. d3 c5 8. a3
Rb8 9. Qc2 a6 10. b4 cxb4 11. axb4 b6 12. Nd4 Bb7 13. Nc6 Bxc6 14. Bxc6 Ne5 15.
Bg2 Qc8 16. Bb2 b5 17. cxb5 axb5 18. Qb3 e6 19. Rfc1 Qd7 20. Ra5 Rfc8 21. Rca1
Qe8 22. Ra6 Qd7 23. Bc1 Nh5 24. Bb2 Nc6 25. e3 Nf6 26. d4 d5 27. Bf1 Qe7 28.
Ba3 Bf8 29. Bxb5 Nxb4 30. Rb1 Rxc3 31. Qxc3 Rxb5 32. Ra8 Kg7 33. Qb2 Qb7 34.
Ra4 Nd7 35. Bxb4 Nb6 36. Bxf8+ Kxf8 37. Qxb5 1-0

[Event "CYCC U14 w"]
[Site "Windsor CAN"]
[Date "2016.07.08"]
[Round "6.47"]
[White "Zhou, Annika"]
[Black "John, Namitha"]
[Result "1-0"]
[WhiteElo "1536"]
[BlackElo "1016"]
[PlyCount "133"]
[EventDate "2016.07.05"]
[EventType "swiss"]
[EventRounds "7"]
[EventCountry "CAN"]

1. e4 e5 2. Nf3 Nc6 3. Bb5 d6 4. O-O Bd7 5. c3 Nf6 6. Re1 a6 7. Ba4 b5 8. Bc2
Be7 9. d3 O-O 10. Nbd2 Bg4 11. h3 Bh5 12. Nf1 Qd7 13. Ng3 Bg6 14. d4 Rfd8 15.
Be3 Nh5 16. dxe5 dxe5 17. Qxd7 Rxd7 18. Rad1 Rad8 19. Nf5 Bxf5 20. exf5 Rxd1
21. Rxd1 Rxd1+ 22. Bxd1 e4 23. Nd2 Nf6 24. Bc2 b4 25. Nxe4 Nxe4 26. Bxe4 Ne5
27. cxb4 Bxb4 28. Bb7 Nc4 29. Bd4 a5 30. Bd5 Nd6 31. g4 h5 32. f3 Kh7 33. Kf2
f6 34. a3 Bd2 35. Ke2 Bg5 36. Bc3 hxg4 37. hxg4 g6 38. fxg6+ Kxg6 39. Bxa5 c5
40. Bb6 f5 41. Bxc5 Nf7 42. gxf5+ Kf6 43. Bxf7 Kxf7 44. b4 Kf6 45. b5 Kxf5 46.
a4 Ke5 47. b6 Kd5 48. Be3 Be7 49. b7 Bd6 50. Ba7 Kc6 51. b8=Q Bxb8 52. Bxb8 Kb6
53. f4 Ka5 54. f5 Kxa4 55. f6 Kb5 56. f7 Kc6 57. f8=Q Kb7 58. Qd6 Ka8 59. Qa6+
Kxb8 60. Kd3 Kc7 61. Kd4 Kd7 62. Kd5 Ke7 63. Qd6+ Kf7 64. Ke5 Kg7 65. Kf5 Kh7
66. Qg3 Kh6 67. Qg6# 1-0

[Event "CYCC U14 w"]
[Site "Windsor CAN"]
[Date "2016.07.08"]
[Round "6.48"]
[White "Schwartz, Leah"]
[Black "Mah, Sydney"]
[Result "1-0"]
[WhiteElo "1224"]
[BlackElo "1419"]
[PlyCount "57"]
[EventDate "2016.07.05"]
[EventType "swiss"]
[EventRounds "7"]
[EventCountry "CAN"]

1. d4 Nf6 2. c4 g6 3. Nc3 Bg7 4. Bf4 O-O 5. e3 d6 6. Bd3 Re8 7. Nge2 Nbd7 8.
Qc2 b6 9. O-O Bb7 10. f3 h6 11. Qd2 e5 12. Bg3 a6 13. Bc2 Qe7 14. f4 exd4 15.
exd4 Ne4 16. Nxe4 Bxe4 17. Bxe4 Qxe4 18. Rae1 Qb7 19. d5 b5 20. b3 Nb6 21. f5
gxf5 22. Rxf5 bxc4 23. Bf4 c3 24. Nxc3 Rxe1+ 25. Qxe1 Bxc3 26. Qxc3 Nxd5 27.
Qg3+ Kh8 28. Rxf7 Rg8 29. Be5+ 1-0

[Event "CYCC U14 w"]
[Site "Windsor CAN"]
[Date "2016.07.08"]
[Round "7.43"]
[White "Zhou, Annika"]
[Black "Ouellet, Maili-Jade"]
[Result "0-1"]
[WhiteElo "1536"]
[BlackElo "2068"]
[PlyCount "58"]
[EventDate "2016.07.05"]
[EventType "swiss"]
[EventRounds "7"]
[EventCountry "CAN"]

1. e4 c5 2. Nf3 e6 3. d4 cxd4 4. Nxd4 a6 5. Nc3 b5 6. a3 Bb7 7. Be2 d6 8. Be3
Nf6 9. f3 Be7 10. O-O Qc7 11. Bd3 Nbd7 12. Qe1 d5 13. exd5 Nxd5 14. Nxd5 Bxd5
15. Bf2 O-O 16. Kh1 Ne5 17. Bg3 Bd6 18. Be4 Bxe4 19. Qxe4 Nc4 20. Bxd6 Qxd6 21.
Nb3 Nxb2 22. Rfb1 Nc4 23. Rd1 Qe7 24. a4 Nb2 25. Rd4 Nxa4 26. c4 Nc3 27. Qd3 b4
28. Rd7 Qh4 29. Qe3 Qxc4 0-1

[Event "CYCC U14 w"]
[Site "Windsor CAN"]
[Date "2016.07.08"]
[Round "7.44"]
[White "Demchenko, Svitlana"]
[Black "Cui, Cynthia"]
[Result "1/2-1/2"]
[WhiteElo "2044"]
[BlackElo "1714"]
[PlyCount "80"]
[EventDate "2016.07.05"]
[EventType "swiss"]
[EventRounds "7"]
[EventCountry "CAN"]

1. d4 d5 2. Bf4 Nf6 3. e3 e6 4. c4 Be7 5. Nc3 O-O 6. Nf3 b6 7. Bd3 c5 8. dxc5
Bxc5 9. O-O Nc6 10. a3 Bb7 11. cxd5 Nxd5 12. Nxd5 Qxd5 13. Qc2 Qh5 14. Be2 Qg6
15. Qxg6 hxg6 16. Rfd1 Rfd8 17. b4 Be7 18. Bc7 Bf6 19. Bxd8 Bxa1 20. Bh4 Bf6
21. Rd7 Bxh4 22. Nxh4 Rb8 23. Nf3 a6 24. Rc7 b5 25. Ng5 Nd8 26. Bf3 Bxf3 27.
gxf3 Ra8 28. Ne4 a5 29. Rc5 axb4 30. axb4 Rb8 31. Nc3 Kf8 32. Nxb5 Nc6 33. Rxc6
Rxb5 34. Rc4 Ke7 35. Kf1 Rh5 36. h4 Kd6 37. Ke2 g5 38. hxg5 Rxg5 39. Rg4 Rb5
40. Rxg7 f5 1/2-1/2

[Event "CYCC U14 w"]
[Site "Windsor CAN"]
[Date "2016.07.08"]
[Round "7.45"]
[White "John, Namitha"]
[Black "Zhou, Lily"]
[Result "0-1"]
[WhiteElo "1016"]
[BlackElo "1740"]
[PlyCount "56"]
[EventDate "2016.07.05"]
[EventType "swiss"]
[EventRounds "7"]
[EventCountry "CAN"]

1. e4 c5 2. d4 cxd4 3. c3 dxc3 4. Nxc3 e6 5. Bc4 a6 6. a4 Nc6 7. Nf3 d6 8. O-O
Nf6 9. Qe2 Be7 10. Rd1 Qc7 11. Bf4 O-O 12. Rac1 Rd8 13. Ba2 Qa5 14. Bd2 Qh5 15.
Bf4 Qg4 16. Bd2 Bd7 17. Qe1 Rac8 18. h3 Qh5 19. g4 Qxh3 20. Nh2 Nxg4 21. Nxg4
Qxg4+ 22. Kf1 Qh3+ 23. Kg1 Ne5 24. Qe2 Nf3+ 25. Qxf3 Qxf3 26. Kf1 e5 27. Be3
Bg4 28. Bb1 Qh1# 0-1

[Event "CYCC U14 w"]
[Site "Windsor CAN"]
[Date "2016.07.08"]
[Round "7.46"]
[White "Schwartz, Leah"]
[Black "Kaneshalingam, Mathanhe"]
[Result "0-1"]
[WhiteElo "1224"]
[BlackElo "1739"]
[PlyCount "148"]
[EventDate "2016.07.05"]
[EventType "swiss"]
[EventRounds "7"]
[EventCountry "CAN"]

1. d4 d5 2. c4 c6 3. cxd5 cxd5 4. Nc3 Nc6 5. Bf4 a6 6. e3 e6 7. Bd3 Nf6 8. Nge2
Be7 9. Qc2 h6 10. O-O O-O 11. h3 Nb4 12. Qd2 Nxd3 13. Qxd3 Bd7 14. Rac1 Rc8 15.
f3 Bc6 16. e4 dxe4 17. fxe4 Qb6 18. b3 Rfd8 19. e5 Nd5 20. Nxd5 Bxd5 21. Rxc8
Rxc8 22. Qg3 Kh8 23. Be3 Rf8 24. Nf4 Qd8 25. Nh5 Bg5 26. h4 Bxe3+ 27. Qxe3 Qxh4
28. Nf4 Qe7 29. Nxd5 exd5 30. Rc1 Qd7 31. Qf3 Rd8 32. Rf1 Kg8 33. Rc1 Rf8 34.
Rc5 Rd8 35. Rc1 Kf8 36. Re1 Qe6 37. Rc1 Rd7 38. Rc8+ Ke7 39. Qc3 Qb6 40. Rg8
Rc7 41. Qe3 Qg6 42. Qd2 Ke6 43. Re8+ Kd7 44. Re7+ Kxe7 45. Qb4+ Kd7 46. Qa4+
Qc6 47. Qa5 Qc1+ 48. Kh2 Qc6 49. Kg1 Rc8 50. Kh2 Re8 51. Kg1 Re6 52. Qd2 Rg6
53. Qf2 Qe6 54. Qf3 Kc7 55. Qc3+ Qc6 56. Qb4 Kc8 57. Qd2 Rg4 58. Qd1 Re4 59.
Qd3 Qc1+ 60. Kf2 Qf4+ 61. Qf3 Qxf3+ 62. Kxf3 Rxd4 63. g4 Re4 64. a4 Rxe5 65. b4
d4 66. b5 d3 67. bxa6 bxa6 68. Kf4 Re6 69. a5 d2 70. g5 hxg5+ 71. Kxg5 d1=Q 72.
Kf4 Qf1+ 73. Kg3 Rg6+ 74. Kh2 Qg2# 0-1

[Event "CYCC U14 w"]
[Site "Windsor CAN"]
[Date "2016.07.08"]
[Round "7.47"]
[White "Tao, Ellen"]
[Black "Gu, Stephanie"]
[Result "1/2-1/2"]
[WhiteElo "1454"]
[BlackElo "792"]
[PlyCount "76"]
[EventDate "2016.07.05"]
[EventType "swiss"]
[EventRounds "7"]
[EventCountry "CAN"]

1. e4 c5 2. Nf3 d6 3. d4 cxd4 4. Qxd4 Nf6 5. Bb5+ Bd7 6. Bxd7+ Nbxd7 7. Nc3 g6
8. O-O Bg7 9. Qd1 O-O 10. Bf4 a6 11. Qd2 b5 12. a3 Rc8 13. Bh6 Qc7 14. Bxg7
Kxg7 15. Qd4 Kg8 16. Rfd1 Rfd8 17. Rac1 Qc5 18. Qxc5 Nxc5 19. Nd5 Nxd5 20. exd5
Na4 21. b3 Nc3 22. Rd2 Rc5 23. Re1 Re8 24. Rd3 Kf8 25. b4 Rc7 26. Ng5 Kg7 27.
Rf3 Rf8 28. Rd3 Na4 29. Re2 Nb6 30. g3 Nc4 31. f4 Nb6 32. Nf3 Re8 33. Nd2 Kf8
34. Ne4 h6 35. h4 Rec8 36. Rdd2 Nc4 37. Rd3 Nb2 38. Rdd2 Nc4 1/2-1/2

[Event "CYCC U14 w"]
[Site "Windsor CAN"]
[Date "2016.07.08"]
[Round "7.48"]
[White "Mah, Sydney"]
[Black "Kathirkamar, Janani"]
[Result "0-1"]
[WhiteElo "1419"]
[BlackElo "1414"]
[PlyCount "86"]
[EventDate "2016.07.05"]
[EventType "swiss"]
[EventRounds "7"]
[EventCountry "CAN"]

1. e4 e5 2. Nf3 Nc6 3. Bc4 Bc5 4. c3 Nf6 5. Qe2 d6 6. O-O O-O 7. Rd1 Bg4 8. d3
h6 9. Be3 a6 10. b4 Ba7 11. Nbd2 Qd7 12. h3 Bh5 13. Rab1 Ne7 14. b5 axb5 15.
Bxb5 c6 16. Bc4 Bxe3 17. Qxe3 Ng6 18. g4 Nxg4 19. hxg4 Qxg4+ 20. Kf1 Qh3+ 21.
Ke1 Qh1+ 22. Ke2 Nf4+ 23. Qxf4 Qxd1+ 24. Rxd1 exf4 25. Rb1 b5 26. Bb3 Kh8 27.
c4 b4 28. d4 Kh7 29. Kd3 Rg8 30. Rh1 Bxf3 31. Nxf3 g5 32. e5 g4 33. Nd2 dxe5
34. dxe5 Rg5 35. Ne4 Rxe5 36. Nf6+ Kg6 37. Nxg4 Rd8+ 38. Kc2 Re2+ 39. Kb1 h5
40. Bd1 Red2 41. Ne5+ Kf6 42. Bxh5 Kxe5 43. Kc1 Rxa2 0-1

[Event "CYCC U16"]
[Site "Windsor CAN"]
[Date "2016.07.05"]
[Round "1.10"]
[White "Song, Sam"]
[Black "Li, James"]
[Result "1-0"]
[WhiteElo "2321"]
[BlackElo "1612"]
[PlyCount "107"]
[EventDate "2016.07.05"]
[EventType "swiss"]
[EventRounds "7"]
[EventCountry "CAN"]

1. e4 c5 2. Nf3 d6 3. d4 cxd4 4. Nxd4 Nf6 5. Nc3 a6 6. Be3 e5 7. Nb3 Be6 8. f3
Be7 9. Qd2 h5 10. O-O-O Nbd7 11. Kb1 Rc8 12. Nd5 Bxd5 13. exd5 Nb6 14. Bxb6
Qxb6 15. Bd3 e4 16. Bxe4 Nxe4 17. fxe4 Bf6 18. Qa5 Qf2 19. Rd2 Qf4 20. Qa4+ Ke7
21. g3 Qg4 22. Nd4 Rhd8 23. Qb4 Rd7 24. Re1 Be5 25. Rde2 g6 26. Qd2 Kf8 27. Qe3
Re7 28. Nf3 Bg7 29. Qf4 Qd7 30. Qe3 Rc4 31. Qb3 Qc7 32. a3 Rc5 33. Qd3 Qb6 34.
c4 Qc7 35. e5 dxe5 36. b4 Rxc4 37. d6 Rd7 38. dxc7 Rxd3 39. Rc1 Rb3+ 40. Rb2
Rxb2+ 41. Kxb2 e4+ 42. Kb1 Rxc7 43. Rxc7 exf3 44. Rc1 Bd4 45. Rf1 f2 46. Kc2
Ke7 47. Kd3 Ba7 48. Ke2 Ke6 49. Rc1 Bb6 50. Rc8 Ba7 51. Rc7 h4 52. gxh4 Bb8 53.
Rxb7 Bxh2 54. Kxf2 1-0

[Event "CYCC U16"]
[Site "Windsor CAN"]
[Date "2016.07.05"]
[Round "1.11"]
[White "Gillan, Rahma"]
[Black "Lei, Sean"]
[Result "0-1"]
[WhiteElo "1494"]
[BlackElo "2211"]
[PlyCount "114"]
[EventDate "2016.07.05"]
[EventType "swiss"]
[EventRounds "7"]
[EventCountry "CAN"]

1. e4 c5 2. Nf3 d6 3. d4 cxd4 4. Nxd4 Nf6 5. Nc3 a6 6. Be3 e5 7. Nb3 Be6 8. Be2
Be7 9. O-O O-O 10. Bf3 Nbd7 11. Nd5 Bxd5 12. exd5 Qc7 13. Nd2 Ne8 14. Ne4 Qd8
15. c4 f5 16. Nc3 Bf6 17. Be2 g5 18. f3 Ng7 19. Qc2 e4 20. fxe4 f4 21. Bf2 Be5
22. Qd2 h5 23. Bd4 g4 24. Bxe5 Nxe5 25. Rxf4 Qb6+ 26. Kh1 Rxf4 27. Qxf4 Rf8 28.
Qc1 h4 29. Nd1 h3 30. gxh3 gxh3 31. Qe3 Qd8 32. Nc3 Qh4 33. Rg1 Rf4 34. Qg3 Qf6
35. Qg5 Qf8 36. b3 Rf2 37. Qh6 Nf3 38. Qe6+ Qf7 39. Qxf7+ Kxf7 40. Bxf3 Rxf3
41. Nd1 Nh5 42. Re1 Kf6 43. Kg1 Ke5 44. Nf2 Nf4 45. Ng4+ Kd4 46. Rd1+ Kxe4 47.
Re1+ Kd4 48. Nh6 Kd3 49. Ng4 Kd2 50. Rb1 Ne2+ 51. Kh1 Nc1 52. Rb2+ Ke1 53. Rf2
Rxf2 54. Nxf2 Kxf2 55. c5 Nd3 56. cxd6 Kf1 57. d7 Nf2# 0-1

[Event "CYCC U16"]
[Site "Windsor CAN"]
[Date "2016.07.05"]
[Round "1.12"]
[White "Zhao, Harry"]
[Black "Kilroy, Evan"]
[Result "1-0"]
[WhiteElo "2174"]
[BlackElo "1430"]
[PlyCount "39"]
[EventDate "2016.07.05"]
[EventType "swiss"]
[EventRounds "7"]
[EventCountry "CAN"]

1. d4 d5 2. Nf3 c6 3. e3 Nf6 4. b3 e6 5. Bd3 Be7 6. Nbd2 O-O 7. Bb2 Nbd7 8. O-O
Qc7 9. Ne5 c5 10. f4 Rb8 11. Rf3 b5 12. Nxd7 Bxd7 13. dxc5 Qxc5 14. Bd4 Qa3 15.
Bxf6 Bxf6 16. Bxh7+ Kh8 17. Rh3 Rfc8 18. Qh5 g5 19. Bg6+ Kg7 20. Qh7+ 1-0

[Event "CYCC U16"]
[Site "Windsor CAN"]
[Date "2016.07.05"]
[Round "1.13"]
[White "Robertson, Kole"]
[Black "Petersen, Caleb"]
[Result "0-1"]
[WhiteElo "1325"]
[BlackElo "2113"]
[PlyCount "68"]
[EventDate "2016.07.05"]
[EventType "swiss"]
[EventRounds "7"]
[EventCountry "CAN"]

1. d4 Nf6 2. Nf3 e6 3. e3 b6 4. Bd3 Bb7 5. Nbd2 c5 6. c4 Be7 7. O-O O-O 8. Re1
d6 9. b3 Nbd7 10. Bb2 Qc7 11. Rc1 Rac8 12. Qc2 h6 13. e4 cxd4 14. Nxd4 a6 15.
f4 Rfd8 16. f5 e5 17. Ne2 b5 18. Nc3 Qb6+ 19. Kh1 Ng4 20. Nd1 Bg5 21. Rb1 Ndf6
22. Nf1 Nh5 23. Qe2 Nf4 24. Qxg4 Nxd3 25. Re2 bxc4 26. bxc4 Rxc4 27. h4 Bf6 28.
Bxe5 Nxe5 29. Rxb6 Nxg4 30. Rxb7 Rc1 31. Rd2 Rxd1 32. Rxd1 Nf2+ 33. Kg1 Nxd1
34. Ra7 Bd4+ 0-1

[Event "CYCC U16"]
[Site "Windsor CAN"]
[Date "2016.07.05"]
[Round "1.14"]
[White "Fellah, Mohamed Amine"]
[Black "Ladhani, Qalib"]
[Result "1-0"]
[WhiteElo "2021"]
[BlackElo "1302"]
[PlyCount "45"]
[EventDate "2016.07.05"]
[EventType "swiss"]
[EventRounds "7"]
[EventCountry "CAN"]

1. e4 e5 2. Nf3 Nc6 3. Bb5 Bc5 4. c3 Nge7 5. O-O a6 6. Ba4 b5 7. Bb3 d5 8. d4
dxe4 9. Ng5 exd4 10. Nxf7 Qd7 11. Nxh8 Ne5 12. Qh5+ N7g6 13. Nxg6 Nxg6 14. Qxc5
Nh4 15. Qh5+ Ng6 16. Qxh7 Qg4 17. h3 Qf5 18. Qg8+ Nf8 19. Qd5 Qg6 20. Qxa8 dxc3
21. Nxc3 Nd7 22. Qxe4+ Kd8 23. Qxg6 1-0

[Event "CYCC U16"]
[Site "Windsor CAN"]
[Date "2016.07.05"]
[Round "1.15"]
[White "Gauthamkrishna, Anil"]
[Black "D'Amore, Tyler"]
[Result "0-1"]
[WhiteElo "1252"]
[BlackElo "1988"]
[PlyCount "170"]
[EventDate "2016.07.05"]
[EventType "swiss"]
[EventRounds "7"]
[EventCountry "CAN"]

1. e4 e5 2. Nf3 Nc6 3. Nc3 Nf6 4. Bc4 Nxe4 5. Nxe4 d5 6. Bb3 dxe4 7. Ng1 Qg5 8.
g3 Bg4 9. f3 exf3 10. Nxf3 Qh5 11. Bd5 Nd4 12. Rf1 c6 13. Be4 f5 14. c3 fxe4
15. cxd4 Bxf3 16. Qb3 Qxh2 17. Qe3 Qxg3+ 18. Qf2 Qxf2+ 19. Rxf2 Be7 20. Rh2
exd4 21. d3 e3 22. b3 Bb4+ 23. Kf1 e2+ 24. Rxe2+ Bxe2+ 25. Kxe2 h5 26. a3 Bc3
27. Ra2 h4 28. Kf2 h3 29. Bf4 O-O-O 30. Kg1 Rdf8 31. Bh2 Rf3 32. Rf2 Rxf2 33.
Kxf2 Rf8+ 34. Ke2 Bb2 35. a4 b5 36. a5 g5 37. Bg3 Bc1 38. Bh2 Bf4 39. Bg1 h2
40. Bxh2 Bxh2 41. Kd1 g4 42. Kc1 Bf4+ 43. Kb2 Bc1+ 44. Kxc1 Rf1+ 45. Kb2 Rb1+
46. Kxb1 g3 47. Ka2 g2 48. Ka3 g1=Q 49. Kb4 Qa1 50. Kc5 Qc3+ 51. Kd6 Kb7 52. b4
Qxb4+ 53. Ke5 Qc5+ 54. Ke4 Qd5+ 55. Kf4 Qe6 56. Kg5 Ka6 57. Kf4 Kxa5 58. Kg5
Kb4 59. Kf4 Kc3 60. Kg5 Kxd3 61. Kf4 a5 62. Kf3 Qe4+ 63. Kg3 Qf5 64. Kh4 Qg6
65. Kh3 Qg5 66. Kh2 Qg4 67. Kh1 Ke2 68. Kh2 Kf2 69. Kh1 d3 70. Kh2 d2 71. Kh1
d1=N 72. Kh2 a4 73. Kh1 a3 74. Kh2 a2 75. Kh1 a1=N 76. Kh2 b4 77. Kh1 b3 78.
Kh2 b2 79. Kh1 b1=N 80. Kh2 c5 81. Kh1 c4 82. Kh2 c3 83. Kh1 c2 84. Kh2 c1=N
85. Kh1 Qh3# 0-1

[Event "CYCC U16"]
[Site "Windsor CAN"]
[Date "2016.07.05"]
[Round "1.17"]
[White "McGovern, Michael"]
[Black "Fan, Run Kun"]
[Result "0-1"]
[WhiteElo "1129"]
[BlackElo "1862"]
[PlyCount "64"]
[EventDate "2016.07.05"]
[EventType "swiss"]
[EventRounds "7"]
[EventCountry "CAN"]

1. e4 Nf6 2. e5 Nd5 3. d4 d6 4. Nf3 Nc6 5. Bc4 Nb6 6. Bb5 Bd7 7. Nc3 a6 8. Bxc6
bxc6 9. h3 e6 10. O-O Be7 11. Bd2 Nc4 12. Bc1 O-O 13. b3 Nb6 14. Ne2 d5 15. Qd3
c5 16. Ba3 cxd4 17. Bxe7 Qxe7 18. Nfxd4 c5 19. Nf3 Bc6 20. c3 Rfd8 21. Qe3 Rab8
22. Rab1 a5 23. Nd2 Rd7 24. a3 Bb5 25. b4 d4 26. cxd4 cxb4 27. Rfe1 Nd5 28. Qg3
Bxe2 29. Rxe2 Nc3 30. Ree1 Nxb1 31. Rxb1 Rxd4 32. Nb3 bxa3 0-1

[Event "CYCC U16"]
[Site "Windsor CAN"]
[Date "2016.07.06"]
[Round "2.9"]
[White "D'Amore, Tyler"]
[Black "Song, Sam"]
[Result "0-1"]
[WhiteElo "1988"]
[BlackElo "2321"]
[PlyCount "126"]
[EventDate "2016.07.05"]
[EventType "swiss"]
[EventRounds "7"]
[EventCountry "CAN"]

1. d4 Nf6 2. c4 e6 3. Nc3 Bb4 4. e3 O-O 5. Bd3 d5 6. Nf3 c5 7. O-O cxd4 8. exd4
dxc4 9. Bxc4 Bxc3 10. bxc3 Qc7 11. Qe2 Nbd7 12. Bd2 b6 13. Bd3 Bb7 14. c4 Rfe8
15. Rfe1 Rad8 16. Ne5 Nxe5 17. dxe5 Qc6 18. f3 Qd7 19. exf6 Qxd3 20. Qxd3 Rxd3
21. Bg5 h6 22. Bh4 Rd4 23. Bf2 Rxc4 24. fxg7 Bd5 25. Be3 Kxg7 26. a4 Re7 27.
Re2 f6 28. Rb2 Rc3 29. Kf2 Rec7 30. a5 Rc2+ 31. Rxc2 Rxc2+ 32. Kg3 Rb2 33. axb6
axb6 34. Ra7+ Kg6 35. Ra6 b5 36. Rb6 b4 37. Bc5 b3 38. Bd4 Rd2 39. Bc3 Rc2 40.
Ba1 Kf5 41. Rb5 Kg6 42. Rb6 Bc4 43. Rc6 Kf5 44. Rc5+ e5 45. Rc6 h5 46. h4 Bd3
47. Rxc2 bxc2 48. Bb2 Ke6 49. Kf2 Bf5 50. Ke3 Kd5 51. Bc1 Kc4 52. Bd2 Kb3 53.
Bc1 Ka2 54. Kd2 Kb1 55. Ba3 Be6 56. Bc1 Bd5 57. Ba3 f5 58. Bc1 f4 59. Ba3 Bc4
60. Ke1 c1=Q+ 61. Bxc1 Kxc1 62. Kf2 Kd2 63. g4 fxg3+ 0-1

[Event "CYCC U16"]
[Site "Windsor CAN"]
[Date "2016.07.06"]
[Round "2.10"]
[White "Lei, Sean"]
[Black "Zhu, Jeffrey"]
[Result "0-1"]
[WhiteElo "2211"]
[BlackElo "1929"]
[PlyCount "56"]
[EventDate "2016.07.05"]
[EventType "swiss"]
[EventRounds "7"]
[EventCountry "CAN"]

1. e4 e5 2. Nf3 Nc6 3. d4 exd4 4. Bc4 Nf6 5. e5 d5 6. Bb5 Ne4 7. Nxd4 Bd7 8.
Bxc6 bxc6 9. O-O Be7 10. f3 Nc5 11. f4 f5 12. b4 Ne6 13. c3 O-O 14. Nb3 Bc8 15.
Be3 a5 16. Nxa5 Rxa5 17. bxa5 Ba6 18. Re1 c5 19. Na3 d4 20. Bc1 d3 21. c4 Bb7
22. Be3 g5 23. Qd2 gxf4 24. Bxf4 Qd4+ 25. Be3 Qg4 26. Qf2 f4 27. Bd2 Bh4 28.
Qf1 Ng5 0-1